Wörter entschlüsseln #2 - Statistiken

Allgemein
  • Dieses Quiz wurde 51 mal gespielt
  • Das Durchschnittsergebnis liegt bei 9 aus 10
Antwortstatistiken
Wort % Korrekt
BLUF Akte
100%
BMCBOJFO Albanien
100%
BMCBUSPT Albatros
100%
BMHFSJFO Algerien
100%
BMMJHBUPS Alligator
100%
BNNPOJBL Ammoniak
100%
BOJNF Anime
100%
BRVBSJVN Aquarium
100%
BSNCBOE Armband
100%
BSNFOJFO Armenien
100%
BSPNB Aroma
100%
BTDiF Asche
100%
BTDiFOQVUUFM Aschenputtel
100%
BTFSCBJETDiBO Aserbaidschan
100%
BVTHSBCVOH Ausgrabung
100%
BVTUFS Auster
100%
BVUPCBiO Autobahn
100%
BYU Axt
100%
CBDLFO Backen
100%
CBHVFUUF Baguette
100%
CBMLPO Balkon
100%
CBSTDi Barsch
100%
CBVNiBVT Baumhaus
100%
CJFOF Biene
100%
CMFJ Blei
100%
CMJUA Blitz
100%
CPNCF Bombe
100%
CPOCPO Bonbon
100%
CPYFO Boxen
100%
CSBOE Brand
100%
CSFOOOFTTFM Brennnessel
100%
CSVTU Brust
100%
CVSH Burg
100%
CVUUFS Butter
100%
DFMTJVT Celsius
100%
DiFG Chef
100%
DiJQT Chips
100%
EBNQG Dampf
100%
EES DDR
100%
EFHV Degu
100%
EJNFOTJPO Dimension
100%
EJTUFM Distel
100%
EPOBV Donau
100%
EPOVU Donut
100%
EPTF Dose
100%
ESFDL Dreck
100%
ESPiOF Drohne
100%
ESPNFEBS Dromedar
100%
ETDiJOJ Dschini
100%
EWE DVD
100%
FCPMB Ebola
100%
FDLF Ecke
100%
FDVBEPS Ecuador
100%
FLFM Ekel
100%
FQJTPEF Episode
100%
FSGBiSV Erfahrung
100%
FSOTU Ernst
100%
FTTJH Essig
100%
GBMMF Falle
100%
GFEFSO Federn
100%
GFiMFS Fehler
100%
GFUU Fett
100%
GJHVS Figur
100%
GJMJODiFO Filinchen
100%
GMBHHF Flagge
100%
GMFJTDi Fleisch
100%
GMPJEB Florida
100%
GMVH Flug
100%
GMVTT Fluss
100%
GPMUFS Folter
100%
GSFVOEF Freunde
100%
HBTU Gast
100%
HFHFOE Gegend
100%
HFM Gel
100%
HFME Geld
100%
HFTDiFOL Geschenk
100%
HFTVOEiFJU Gesundheit
100%
HJSBGGF Giraffe
100%
HNCi GmbH
100%
HOBEF Gnade
100%
HSBE Grad
100%
HSFJG Greif
100%
HSVCF Grube
100%
HSVCF Grube
100%
HVMBTDi Gulasch
100%
iBMNB Halma
100%
iBTF Hase
100%
iBVQUTUBEU Hauptstadt
100%
iFDiU Hecht
100%
iFSNFT Hermes
100%
iJCJTLVT Hibiskus
100%
iJMGF Hilfe
100%
iJSTF Hirse
100%
iPOEVSBT Honduras
100%
iPQGFO Hopfen
100%
iViO Huhn
100%
iVNNFM Hummel
100%
iZCSJE Hybrid
100%
JMUJT Iltis
100%
JOEPOFTJFO Indonesien
100%
JSBL Irak
100%
JSBO Iran
100%
JTMBOE Island
100%
JUBMJFO Italien
100%
KBEF Jade
100%
KBiSiVOEFSU Jahrhundert
100%
KBNBJLB Jamaika
100%
KFU Jet
100%
KPOHMFVS Jongleur
100%
KVEP Judo
100%
LBQJUFM Kapitel
100%
LBQQF Kappe
100%
LBUFHPSJF Kategorie
100%
LBVHVNNJ Kaugummi
100%
LJMP Kilo
100%
LMBNPUUFO Klamotten
100%
LMBTTF Klasse
100%
LOPQG Knopf
100%
LPGGFJO Koffein
100%
LPLPTOVTT Kokosnuss
100%
LPSBMMF Koralle
100%
LPSC Korb
100%
LSBHFO Kragen
100%
LSBO Kran
100%
LSBOLiFJU Krankheit
100%
LSFJEF Kreide
100%
LVi Kuh
100%
LVTT Kuss
100%
MBDiFO Lachen
100%
MBDiT Lachs
100%
MFHVBO Leguan
100%
MPDi Loch
100%
MVGU Luft
100%
NBJT Mais
100%
NBMMPSDB Mallorca
100%
NBMA Malz
100%
NBNNVU Mammut
100%
NBOHB Manga
100%
NBOHP Mango
100%
NBTLF Maske
100%
NFOHF Menge
100%
NJMDi Milch
100%
NVGGJO Muffin
100%
OFSWFO Nerven
100%
OJFTFO Niesen
100%
OJOUFOEP Nintendo
100%
PEFS Oder
100%
PHFS Oger
100%
PYGPSE Oxford
100%
QBMBTU Palast
100%
QBSJT Paris
100%
QBVTF Pause
100%
QD PC
100%
QFTU Pest
100%
QFUFSTJMJF Petersilie
100%
QiBSBP Pharao
100%
QiZTJPMPHJF Physiologie
100%
QJMA Pilz
100%
QMBUA Platz
100%
QPMJAFJ Polizei
100%
QPSSFF Porree
100%
QPUFOAJBM Potenzial
100%
QSPCMFN Problem
100%
QVOLUF Punkte
100%
QVQJMMF Pupille
100%
RVJDiF Quiche
100%
SBEJFSHVNNJ Radiergummi
100%
SBQ Rap
100%
SBTFO Rasen
100%
SBUUF Ratte
100%
SBVN Raum
100%
SFQVCMJL Republik
100%
SPHHFO Roggen
100%
TBBM Saal
100%
TBDiTFO Sachsen
100%
TBDL Sack
100%
TBMBU Salat
100%
TBMA Salz
100%
TBNFO Samen
100%
TBOE Sand
100%
TDiBM Schal
100%
TDiFSF Schere
100%
TDiMBG Schlaf
100%
TDiOFDLF Schnecke
100%
TDiOFFXJUUDIFO Schneewittchen
100%
TDiOFJEFS Schneider
100%
TDiOVQGFO Schnupfen
100%
TDIPLPMBEF Schokolade
100%
TDiPSOTUFJO Schornstein
100%
TFF See
100%
TiPX Show
100%
TJCJSJFO Sibirien
100%
TJFH Sieg
100%
TPMEBU Soldat
100%
TPSCFU Sorbet
100%
TQJFMAFVH Spielzeug
100%
TQMJUUFS Splitter
100%
TUBNN Stamm
100%
TUFNQFM Stempel
100%
TUJMMF Stille
100%
TUJSO Stirn
100%
TUPMMFO Stollen
100%
TUPSDi Storch
100%
TUSJDLFO Stricken
100%
TUVNNGJMN Stummfilm
100%
TVEBO Sudan
100%
TZEOFZ Sydney
100%
TZOPOZN Synonym
100%
TZTUFN System
100%
TAFOF Szene
100%
UBCMFUUF Tablette
100%
UBCV Tabu
100%
UBHFCVDi Tagebuch
100%
UBLUJL Taktik
100%
UBOUF Tante
100%
UBOA Tanz
100%
UBTDiF Tasche
100%
UBVCF Taube
100%
UBYJ Taxi
100%
UFBN Team
100%
UFVGFM Teufel
100%
UJHFS Tiger
100%
UJQQT Tipps
100%
UVDi Tuch
100%
UVOESB Tundra
100%
VLVMFMF Ukulele
100%
VNAVH Umzug
100%
VSVHVBZ Uruguay
100%
VTB USA
100%
WFOF Vene
100%
WPML Volk
100%
WPMMNPOE Vollmond
100%
WPMU Volt
100%
XBBHF Waage
100%
XBDiT Wachs
100%
XBEF Wade
100%
XBGGF Waffe
100%
XBGGFM Waffel
100%
XBiM Wahl
100%
XFJO Wein
100%
XFJAFO Weizen
100%
XJFO Wien
100%
XJOEFM Windel
100%
XJSTJOH Wirsing
100%
XJUA Witz
100%
XSFTUMJOH Wrestling
100%
AFJUQVOLU Zeitpunkt
100%
AFOUJNFUFS Zentimeter
100%
AJUSPOF Zitrone
100%
APOF Zone
100%
AVDLVOH Zuckung
100%
LBLBP Kakao
75%
LFTTFM Kessel
75%
VTCFLJTUBO Usbekistan
75%
BGHiBOJTUBO Afghanistan
67%
EPCFSNBOO Dobermann
67%
GBCFM Fabel
67%
GSVDiU Frucht
67%
HFSFDiUJHLFJU Gerechtigkeit
67%
HFXJDiU Gewicht
67%
LMFPQBUSB Kleopatra
67%
PWFSBMM Overall
67%
QPSUVHBM Portugal
67%
TBOELBRUFO Sandkasten
67%
AFOUSVN Zentrum
67%
BCFOUFVFS Abenteuer
50%
BiPSO Ahorn
50%
FGGFLU Effekt
50%
FOFSHJF Energie
50%
GJUOFTT Fitness
50%
GMBNJOHP Flamingo
50%
HSVOE Grund
50%
iFSS Herr
50%
LBQVAF Kapuze
50%
QFSTPO Person
50%
TDiVCLBSSF Schubkarre
50%
TUBUVT Status
50%
UFJH Teig
50%
AXFJ Zwei
50%
HBSBHF Garage
33%
BDiTFM Achsel
0%
BMQBLB Alpaka
0%
BNNF Amme
0%
BOHFCFS Angeber
0%
BOHTU Angst
0%
BOJNBUJPO Animation
0%
BQGFMTBGU Apfelsaft
0%
BQPUiFLF Apotheke
0%
BSCFJU Arbeit
0%
BSUFSJF Arterie
0%
BUMBOUB Atlanta
0%
BUUBDLF Attacke
0%
BVHTCVSH Augsburg
0%
BVHVTU August
0%
BVTUSBMJFO Australien
0%
CBHHFS Bagger
0%
CBiO Bahn
0%
CBiOIPG Bahnhof
0%
CBMESJBO Baldrian
0%
CFMHSBE Belgrad
0%
CFSVG Beruf
0%
CFXFSUVOH Bewertung
0%
CJSOF Birne
0%
CJTDiPG Bischof
0%
CPOVT Bonus
0%
CPPU Boot
0%
CSJFG Brief
0%
CVEBQFTU Budapest
0%
CVT Bus
0%
DiSJTUFOUVN Christentum
0%
DMVC Club
0%
DPSOGMBLFT Cornflakes
0%
EBDi Dach
0%
EPOOFSTUBH Donnerstag
0%
EPSBEF Dorade
0%
EPSG Dorf
0%
ESBDiF Drache
0%
ESBiU Draht
0%
EVEFMTBDL Dudelsack
0%
EZOBNP Dynamo
0%
DOHFM Engel
0%
FOHMBOE England
0%
FSCF Erbe
0%
FSELVOEF Erdkunde
0%
FSJOOFSVOH Erinnerung
0%
FSXBDiTFOFS Erwachsener
0%
FSA Erz
0%
FWBOHFMJVN Evangelium
0%
FXJHLFJU Ewigkeit
0%
FYUSB Extra
0%
GBCSJL Fabrik
0%
GBDi Fach
0%
GBiSLDD Fahrenheit
0%
GBiSLBSUF Fahrkarte
0%
GBMTDi Falsch
0%
GBSCFO Farben
0%
GBY Fax
0%
GJOBOAFO Finanzen
0%
GJTDi Fisch
0%
GMFDL Fleck
0%
GPUP Foto
0%
GSBHF Frage
0%
HBOT Gans
0%
HFSTUF Gerste
0%
HiBOB Ghana
0%
HMBVCF Glaube
0%
HMFJDiVOH Gleichung
0%
HMVU Glut
0%
HPSJMMB Gorilla
0%
HSJFDiFOMBOE Griechenland
0%
HZNOBTJVN Gymnasium
0%
iBHFCVUUF Hagebutte
0%
iBMT Hals
0%
iBVTBVGHBCF Hausaufgabe
0%
iBVTNFJTUFS Hausmeister
0%
IBWFM Havel
0%
iFLUJL Hektik
0%
iFMGFS Helfer
0%
iVNNFS Hummer
0%
iVOHFS Hunger
0%
iVTUFO Husten
0%
IVU Hut
0%
JEFF Idee
0%
JOCVT Inbus
0%
JOTFM Insel
0%
JOUFSWJFX Interview
0%
JQiPOF IPhone
0%
JSMBOE Irland
0%
JTSBFM Israel
0%
KBQBO Japan
0%
KFNFO Jemen
0%
KPEFMO Jodeln
0%
KVOHF Junge
0%
LBNFM Kamel
0%
LBOEJEBU Kandidat
0%
LBSOFWBM Karneval
0%
LBSSJFSF Karriere
0%
LBTQFS Kasper
0%
LJSNFT Kirmes
0%
LOPCMBVDi Knoblauch
0%
LPiMF Kohle
0%
LPOHP Kongo
0%
LPQGLJTTFO Kopfkissen
0%
LSBGU Kraft
0%
LSFJT Kreis
0%
LSJFHFS Krieger
0%
LSPBUJFO Kroatien
0%
LVDiFO Kuchen
0%
MBVDi Lauch
0%
MBWFOEFM Lavendel
0%
MFiSFS Lehrer
0%
MJFCMJOH Liebling
0%
NBDiU Macht
0%
NBHJF Magie
0%
NFOTDi Mensch
0%
NFUFS Meter
0%
NPUUF Motte
0%
NPAABSFMMB Mozzarella
0%
NVTLFMO Muskeln
0%
OFUAXFSL Netzwerk
0%
OPSEFO Norden
0%
OPUBS Notar
0%
OPUJA Notiz
0%
OPVHBU Nougat
0%
PLUPCFS Oktober
0%
PNBA Oma
0%
PSEOFS Ordner
0%
PSJHJOBM Original
0%
PTUFO Osten
0%
PUUFSA Otter
0%
QBSUFJ Partei
0%
QFDi Pech
0%
QFSJPEF Periode
0%
QGMBOAF Pflanze
0%
QGPUF Pfote
0%
QPSUJPO Portion
0%
QVMWFS Pulver
0%
SBLFUF Rakete
0%
SBOAFO Ranzen
0%
SBVDi Rauch
0%
SBVDiFO Rauchen
0%
SFHFO Regen
0%
SJFTF Riese
0%
SJUUFS Ritter
0%
TBUA Satz
0%
TBVDF Sauce
0%
TDiBOEF Schande
0%
TDiFSCF Scherbe
0%
TDiFVOF Scheune
0%
TDiJDLTBM Schicksal
0%
TDiNBMA Schmalz
0%
TDiSJGU Schrift
0%
TDiXBOHFSTDiBGU Schwangerschaft
0%
TDIXFEFO Schweden
0%
TFFMF Seele
0%
TFOFHBM Senegal
0%
TFSCJFO Serbien
0%
TLMBWF Sklave
0%
TMPXBLFJ Slowakei
0%
TMPXFOJFO Slowenien
0%
TPiMF Sohle
0%
TPKB Soja
0%
TQBUFO Spaten
0%
TQFDiU Specht
0%
TQFJDiFS Speicher
0%
TQJFHFM Spiegel
0%
TQPSU Sport
0%
TQSBDiF Sprache
0%
TQSFDiFS Sprecher
0%
TUBC Stab
0%
TUBGGFM Staffel
0%
TUBMM Stall
0%
TUBVC Staub
0%
TUFDLEPTF Steckdose
0%
TUPQ Stop
0%
TUPSZ Story
0%
TUSBGF Strafe
0%
TUSBiMVOH Strahlung
0%
TUSFV Streu
0%
TUVSA Sturz
0%
TVDiF Suche
0%
UBGFM Tafel
0%
UBH Tag
0%
UFFCFVUFM Teebeutel
0%
UFTU Test
0%
UiFNB Thema
0%
USPQFO Tropen
0%
UTDiFDiJFO Tschechien
0%
VGP UFO
0%
ViS Uhr
0%
ViSAFJU Uhrzeit
0%
VLSBJOF Ukraine
0%
VNHFCVOH Umgebung
0%
VOHBSO Ungarn
0%
VQEBUF Update
0%
VSMBVC Urlaub
0%
WFHBO Vegan
0%
WFUFSBO Veteran
0%
WJUBNJO Vitamin
0%
XBEFO Waden
0%
XBiSiFJU Wahrheit
0%
XBUU Watt
0%
XFMMF Welle
0%
XFMUNFJTUFS Weltmeister
0%
XPMHB Wolga
0%
XPMMF Wolle
0%
ABVCFS Zauber
0%
ABVO Zaun
0%
AFCSB Zebra
0%
AFUUFM Zettel
0%
AJUBU Zitat
0%
APPN Zoom
0%
APQG Zopf
0%
AVLVOGU Zukunft
0%
AVNCB Zumba
0%
Keine übereinstimmenden Quizze gefunden
Verteilung der Resultate
Anzahl Personen mit jedem Resultat
Perzentil nach korrekt beantworteten Fragen
Ihre Resultats-Entwicklung
Sie haben dieses Quiz noch nicht gespielt